|
|
|
|
| LEADER |
01124nam a2200217 a 4500 |
| 008 |
091210s1979 th a b 000 0 eng d |
| 040 |
|
|
|a HUH
|c HUH
|d OCL
|d WIX
|
| 082 |
0 |
0 |
|a 301.41/2/095
|2 18
|
| 245 |
1 |
0 |
|a Learning from rural women :
|b village-level success cases of rural women’s group income-raising activities.
|
| 260 |
|
|
|a Bangkok :
|b ESCAP/FAO Inter-country Project for the Promotion and Training of Rural Women in Income-raising Group Activities,
|c 1979.
|
| 300 |
|
|
|a ii, 120 p. :
|b ill ;
|c 23 cm.
|
| 541 |
1 |
|
|e 00001420
|
| 650 |
|
0 |
|a Rural women
|z Asia.
|
| 650 |
|
0 |
|a Women in rural development.
|
| 650 |
|
0 |
|a Women in rural development
|z Asia.
|
| 650 |
|
0 |
|a Income
|z Developing countries.
|
| 650 |
|
0 |
|a Women
|x Employment
|z Developing countries.
|
| 710 |
2 |
0 |
|a ESCAP/FAO Inter-country Project for the Promotion and Training of Rural Women in Income-raising Group Activities.
|
| 852 |
4 |
|
|a Ayesha Abed Library
|j General shelf
|
| 999 |
|
|
|c 7232
|d 7232
|
| 952 |
|
|
|0 0
|1 0
|2 ddc
|4 0
|6 301_412095000000000_LEA_1979
|7 0
|9 7540
|a BRACUL
|b BRACUL
|c GEN
|d 2010-01-28
|g 0.00
|l 0
|o 301.412095 LEA
|p 3010001420
|r 2010-01-28
|t 1
|w 2010-01-28
|y BK
|z Not price in Register
|